00375nam a2200133Ia 4500008004100000020001500041041001200056082001600068100001700084245008500101260003100186300000900217650001500226221030s9999 xx 000 0 und d a8170083117 aEnglish a105.23bBan aR. K. Bansal 2aA Text Book Of Fluid Mechanics & Hydraulic Machines S. I. Unitscby R. K. Bansal bLaxmi PubaNew Delhic2005 a1093 aMechanical